Department of the Environment v Allied Freehold Property Trust Ltd (Record no. 38650)

MARC details
000 -LEADER
fixed length control field 01232cab a2200229 4500
001 - CONTROL NUMBER
control field ABS47487
008 - FIXED-LENGTH DATA ELEMENTS--GENERAL INFORMATION
fixed length control field 090401t1992 xxu||||| |||| 00| 0 eng d
035 ## - SYSTEM CONTROL NUMBER
System control number (Sirsi) u62207
041 ## - LANGUAGE CODE
Language code of text/sound track or separate title eng
245 ## - TITLE STATEMENT
Title Department of the Environment v Allied Freehold Property Trust Ltd
260 ## - PUBLICATION, DISTRIBUTION, ETC.
Date of publication, distribution, etc. 1992
350 ## - PRICE (NR) (BK AM CF MU VM SE) [OBSOLETE]
Price 0
490 ## - SERIES STATEMENT
Series statement Estates Gazette
Volume/sequential designation 1992 45 EG 156-159(3)
520 ## - SUMMARY, ETC.
Summary, etc. CC 27 March 1991. Application to fix an interim rent under Landlord and Tenant Act 1954 s24A on premises at 154-156 The Broadway, West Ealing occupied by tenant DoE. The premises were originally let to the `Minister of Works` by a lease dated 5 May 1949 granted for 42 years from 29 September 1947 at a fixed rent of £1,150 with full repairing lease. Clauses 6 and 15 contain unusual tenant`s covenants as to user and assignments. After considering relevant case law relating to `cushion` deduction under s24A(3) of the 1954 Act decided that such a deduction was not applicable. Interim rent fixed at £79,400 pa.
650 ## - SUBJECT ADDED ENTRY--TOPICAL TERM
Topical term or geographic name entry element INTERIM RENT
650 ## - SUBJECT ADDED ENTRY--TOPICAL TERM
Topical term or geographic name entry element LANDLORD AND TENANT ACT 1954
650 ## - SUBJECT ADDED ENTRY--TOPICAL TERM
Topical term or geographic name entry element LEASES
650 ## - SUBJECT ADDED ENTRY--TOPICAL TERM
Topical term or geographic name entry element RESTRICTIVE COVENANTS
690 ## - LOCAL SUBJECT ADDED ENTRY--TOPICAL TERM (OCLC, RLIN)
Topical term or geographic name as entry element LANDLORD AND TENANT-CASE LAW-BUSINESS TENANCIES
942 ## - ADDED ENTRY ELEMENTS (KOHA)
Suppress in OPAC 0
948 ## - LOCAL PROCESSING INFORMATION (OCLC); SERIES PART DESIGNATOR (RLIN)
c (OCLC) 04/03/1997
Holdings
Withdrawn status Lost status Source of classification or shelving scheme Damaged status Not for loan Home library Current library Shelving location Date acquired Total Checkouts Full call number Barcode Date last seen Copy number Price effective from Koha item type
    Dewey Decimal Classification     London London Journal article 14/09/1999   ABS47487 62207-1001 06/08/2019 1 06/08/2019 Law report